Marketing ve službách služeb

Dôraz na zákaznícky prístup v marketingu služieb. Absencia fyzického kontaktu zákazníka s produktom. Individuálny prístup k jednotlivým segmentom zákazníkov v prepravnej spoločnosti DHL. Odlíšiť sa od konkurencie. Cena a cenová vojna. Komunikácia značky.

Gespeichert in:
Bibliographische Detailangaben
1. Verfasser: Drnec, Luděk
Format: Buchkapitel
Sprache:Tschechisch
Schlagworte:
Tags: Tag hinzufügen
Keine Tags, Fügen Sie das erste Tag hinzu!

MARC

LEADER 00000naa$a2200000$$$4500
001 0055526
005 20231016105823.5
041 0 |a cze 
044 |a CZ 
245 1 0 |a Marketing ve službách služeb  |c Luděk Drnec 
520 |a Dôraz na zákaznícky prístup v marketingu služieb. Absencia fyzického kontaktu zákazníka s produktom. Individuálny prístup k jednotlivým segmentom zákazníkov v prepravnej spoločnosti DHL. Odlíšiť sa od konkurencie. Cena a cenová vojna. Komunikácia značky. 
610 2 0 |a marketing 
610 2 0 |a komunikácia marketingová 
610 2 0 |a značky kvality 
610 2 0 |a služby 
610 2 0 |a zákazníci 
610 2 0 |a segmentácia trhu 
610 2 0 |a reklamácie 
610 2 0 |a ceny 
610 2 0 |a preprava 
100 1 |a Drnec, Luděk